Jewish law from Moses to the Mishnah : (Record no. 122712)
[ view plain ]
| 000 -LEADER | |
|---|---|
| fixed length control field | 01157cam a2200301Ia 4500 |
| 001 - CONTROL NUMBER | |
| control field | 4894908 |
| 003 - CONTROL NUMBER IDENTIFIER | |
| control field | ARRUPE |
| 005 - DATE AND TIME OF LATEST TRANSACTION | |
| control field | 20150521144153.0 |
| 008 - FIXED-LENGTH DATA ELEMENTS--GENERAL INFORMATION | |
| fixed length control field | 990623s1999 gau b 000 0 eng d |
| 035 ## - SYSTEM CONTROL NUMBER | |
| System control number | (OCoLC)ocm41594327 |
| 035 ## - SYSTEM CONTROL NUMBER | |
| System control number | (NNC)4894908 |
| 040 ## - CATALOGING SOURCE | |
| Original cataloging agency | NYB |
| Transcribing agency | NYB |
| Modifying agency | OCLCQ |
| 050 ## - LIBRARY OF CONGRESS CALL NUMBER | |
| Classification number | BM520.5 |
| Item number | .N48 1999 |
| 092 ## - LOCALLY ASSIGNED DEWEY CALL NUMBER (OCLC) | |
| Classification number | 296.18 |
| Item number | N496, 1999 |
| 300 ## - PHYSICAL DESCRIPTION | |
| Dimensions | 23 cm. |
| 100 1# - MAIN ENTRY--PERSONAL NAME | |
| Personal name | Neusner, Jacob, |
| Dates associated with a name | 1932- |
| 9 (RLIN) | 17342 |
| 245 10 - TITLE STATEMENT | |
| Title | Jewish law from Moses to the Mishnah : |
| Remainder of title | from Bible to Torah / |
| Statement of responsibility, etc | Jacob Neusner. |
| 260 ## - PUBLICATION, DISTRIBUTION, ETC. (IMPRINT) | |
| Place of publication, distribution, etc | Hiram, Ohio : |
| Name of publisher, distributor, etc | Hiram College, |
| Date of publication, distribution, etc | 1999. |
| 300 ## - PHYSICAL DESCRIPTION | |
| Extent | 58 p. ; |
| 500 ## - GENERAL NOTE | |
| General note | Hiram College Lectures in Religion; Hiram College, Hiram, Ohio ; March 22-23, 1999. |
| 504 ## - BIBLIOGRAPHY, ETC. NOTE | |
| Bibliography, etc | Includes bibliographical references. |
| 505 0# - FORMATTED CONTENTS NOTE | |
| Formatted contents note | Introduction -- Preface -- The shape of Judaism -- Systematizing Eden -- Who owns eden? and: from the Bible to the Torah. |
| 650 #0 - SUBJECT ADDED ENTRY--TOPICAL TERM | |
| Topical term or geographic name as entry element | Jewish law |
| General subdivision | History. |
| 9 (RLIN) | 17343 |
| 650 #0 - SUBJECT ADDED ENTRY--TOPICAL TERM | |
| Topical term or geographic name as entry element | Judaism |
| General subdivision | History |
| Chronological subdivision | Post-exilic period, 586 B.C.-210 A.D. |
| 9 (RLIN) | 17344 |
| 650 #0 - SUBJECT ADDED ENTRY--TOPICAL TERM | |
| Topical term or geographic name as entry element | Rabbinical literature |
| General subdivision | History and criticism. |
| 9 (RLIN) | 11811 |
| 650 #0 - SUBJECT ADDED ENTRY--TOPICAL TERM | |
| Topical term or geographic name as entry element | Judiasm |
| General subdivision | History |
| -- | Book Review |
| 9 (RLIN) | 17913 |
| 942 ## - ADDED ENTRY ELEMENTS (KOHA) | |
| Source of classification or shelving scheme | Library of Congress Classification |
| Koha item type | Monograph ( Printed materials) |
| Withdrawn status | Lost status | Source of classification or shelving scheme | Damaged status | Not for loan | Collection code | Home library | Current library | Shelving location | Date acquired | Total Checkouts | Full call number | Barcode | Date last seen | Price effective from | Koha item type |
|---|---|---|---|---|---|---|---|---|---|---|---|---|---|---|---|
| Library of Congress Classification | Main Collection | ARRUPE LIBRARY | ARRUPE LIBRARY | Main Collection | 17/04/2015 | BM520.5N48 1999 | 46500000858 | 17/04/2015 | 17/04/2015 | Monograph ( Printed materials) |